01645nam a2200205 a 4500008004100000020001800041041000800059092002000067100002800087245007000115250006400185260003800249300002200287500007300309505079800382655002801180942001301208999001501221952020301236161215e2018 ag |||g |||| 00| 1 spa d a9789507540462 aspa c615.882l6sBAC1 aBach, EdwardcDr.94341 aBach por Bach.bObras completas. Escritos florales /cEdward Bach a1a ed.bTraducción Bárbara Espeche y Eduardo H. Grecco. aBuenos Aires:bContinente;c2018. a192 p.c23x16 cm. aBach, E. (2018). Bach por Bach. (1a ed.). Buenos Aires : Continente. aLos escritos florales del Dr. Edward Bach se encontraban sólo parcialmente traducidos al castellano. Bárbara Espeche y Eduardo H. Grecco, reconocidos especialistas en las terapias florales, han encarado una nueva y completa versión de estos escritos, enmarcándolos en el pensamiento de la época y desarrollando, al mismo tiempo, un aparato de lectura del texto de Bach. Le ofrecemos al lector este libro con la certeza de que él habrá de iluminar significativamente acerca del modo como Bach concebía su práctica curativa. "Detrás de toda enfermedad subyacen nuestros miedos, nuestras ansiedades, nuestra codicia, nuestras simpatías y antipatías; investiguemos estas emociones y curémoslas, puesto que con ellas desaparecerán también las dolencias que padecemos". aTerapias florales94342 2ddccLIT c3293d3293 00102ddc4070aBFMbBFMcCRd2025-07-25eDonación Guerra, Valeria. Julio 2025.l0o615.882 6 BACp5068r2025-07-25tEj. 1w2025-07-25yLITzDonación Guerra, Valeria. Julio 2025. Sede Tordos.f